| 000 | 00661nas a2200217 i 4500 | ||
|---|---|---|---|
| 001 | 1805 | ||
| 003 | ES-MaACL | ||
| 005 | 20250728110707.0 | ||
| 007 | t| | ||
| 008 | 950801d18801919sp | | 1 ||pa d | ||
| 245 | 0 | 0 |
_aRevista cristiana _b: periódico científico religioso [Protestante]. |
| 260 |
_aMadrid : _bMadrid|bibrería Nacional y Extranjera, _c1880-1919 ( _fJ. Cruzado - Tordesillas) |
||
| 300 |
_av ; _c24 x 17 cm. |
||
| 310 | _aQuincenal | ||
| 321 | _aMensual | ||
| 362 | 0 | _aAño I, n. 1 (15 ene. 1880)-(1919) | |
| 650 | 1 | 7 |
_aReligión _2embne _916797 |
| 852 |
_aES-MaACL _jG-4451-80 |
||
| 866 | 0 | _o1880-1918. | |
| 999 |
_c1805 _d1805 |
||